Semiótica 2 /

Spremljeno u:
Bibliografski detalji
Glavni autor: Kristeva, Julia, 1941-
Daljnji autori: Arancibia, José Martín (traductor)
Format: Nepoznato
Jezik:Spanish
Izdano: Madrid, España : Fundamentos, 1978.
Serija:(Espiral-Fundamentos ; 25, 26)
Teme:
Oznake: Dodaj oznaku
Bez oznaka, Budi prvi tko označuje ovaj zapis!

MARC

LEADER 000000000a22000000004500
001 011181
020 |a 8424502507 
041 0 |a spa 
082 0 4 |a 412   |b K92s 
100 1 |a Kristeva, Julia,   |d 1941- 
700 1 |a Arancibia, José Martín,   |e traductor 
245 1 0 |a Semiótica 2 /   |c Julia Kristeva ; José Martín Arancibia, traductor. 
260 1 |a Madrid, España :   |b Fundamentos,   |c 1978. 
300 |a 2 volúmenes 
490 1 |a (Espiral-Fundamentos ;   |v 25, 26) 
500 |a La Biblioteca contiene otro ejemplar con número de inscripción 13278 (volumen 2), 7985 (volumen 2) -- Título original : Recherces pour une sémanalyse 
650 4 |a SEMIOLOGIA 
650 4 |a COMUNICACION 
650 4 |a SEMANTICA (FILOSOFIA) 
650 4 |a SEMANTICA 
650 4 |a SIMBOLOS 
999 |c 16486  |d 16486 
942 |c BK  |h 412 K92s  |2 z